00558nam a22001577a 4500040000900000082001300009100002600022245002200048250001600070260005000086650002900136942001200165999001900177952010200196952010200298 cNUST a547bPIN aPine, Stanley H91247 aOrganic Chemistry a5th Edition aIslamabad:bNational Book Foundation,c2007. aOrganic Chemistry961219 2ddccBK c609532d609532 00102ddc4070aCEMEbCEMEcGENd2024-06-06l0o547 PINpCEME- 42604r2024-06-06w2024-06-06yBK 00102ddc4070aCEMEbCEMEcGENd2024-06-06l0o547 PINpCEME- 42605r2024-06-06w2024-06-06yBK